01448nam a2200397 i 450000100060000000300080000600500170001400600190003100700150005000800410006502000270010602000180013303500220015104000310017305000220020408000080022608200160023424501180025025000230036826400470039130000480043833600310048633700330051733800430055050000220059358800830061565000490069865000590074765000330080665000380083965500270087770000330090470000210093770000300095885600620098824918FINmELB20241216215759.0m o u cr cn|||||||||161215s2015 sp o 001 0 spa d a9788416654130 (e-book) z9788416004584 a(OCoLC)1105472433 aFINmELBbspaerdacFINmELB 4aRC86.8bM489 2015 a6160 a616.02522300aMedicina de Urgencias de Bolsillo /cRichard D. Zane, Joshua M Kosowsky, editores ; John D. Anderson [y otros 3]. aTercera edición. 1aBarcelona :bWolters Kluwer Health,c2015. a1 recurso en línea (paginación variada) atextobtxt2rdacontent/spa acomputadorabc2rdamedia/spa arecurso en líneabcr2rdacarrier/spa aIncluye índice. aDescripción basada en metadatos suministrados por el editor y otras fuentes. 0aEmergency medicinevHandbooks, manuals, etc. 4aMedicina de urgenciasvLibros de texto, manuales, etc. 0aEmergency medicinexmethods. 4aMedicina de urgenciasxMétodos. 4aLibros electrónicos.1 aKosowsky, Joshua M,eeditor.1 aZane, Richard D.1 aAnderson, John D,eautor.40uhttps://elibro.net/ereader/politecnicointernacional/94662